[Event "NB2 Toth Laszlo csoport"]
[Site "Kecskemet"]
[Date "2024.11.17"]
[Round "2.8"]
[White "Kovacs, Laszlo"]
[Black "Bodicsi, Barna"]
[Result "1-0"]
[WhiteElo "1904"]
[BlackElo "1777"]
[PlyCount "233"]
[EventDate "2024.11.03"]
[EventType "team-tourn"]
[EventRounds "9"]
[EventCountry "HUN"]
[Source "chess.hu"]
[SourceDate "2024.11.17"]
[WhiteTeam "TAKISZ SE"]
[BlackTeam "Meritum Egyesulet"]
[WhiteTeamCountry "HUN"]
[BlackTeamCountry "HUN"]

1. e4 e5 2. Nf3 Nc6 3. Bb5 a6 4. Ba4 Nf6 5. O-O b5 6. Bb3 Be7 7. Re1 Na5 8.
Nxe5 Nxb3 9. axb3 Bb7 10. d3 O-O 11. h3 d6 12. Nf3 c5 13. Be3 Qc7 14. Nbd2 Rad8
15. c4 b4 16. Nf1 Nd7 17. Ng3 Bf6 18. Qc2 g6 19. Bh6 Rfe8 20. Nh2 Ne5 21. f4
Nc6 22. Nf3 Nd4 23. Nxd4 Bxd4+ 24. Kh1 Qe7 25. Bg5 f6 26. Bh6 Bc8 27. Qd2 Kh8
28. Re2 Rg8 29. Kh2 Rde8 30. Rae1 Qd8 31. Rf1 g5 32. f5 Be5 33. Qe1 Qe7 34. Kh1
Qf7 35. Re3 Bxg3 36. Qxg3 Re5 37. Qf3 Rge8 38. Rfe1 Qc7 39. h4 Rg8 40. hxg5
fxg5 41. Qh5 Qe7 42. g4 Bd7 43. Rf1 Be8 44. Qh2 Qf6 45. Rh3 Re7 46. Qd2 a5 47.
Rf2 Ra7 48. Rfh2 Re7 49. Qc2 Qe5 50. Rf3 Qf6 51. Qc1 Ra7 52. Rf1 Re7 53. Kg2
Ra7 54. Rfh1 Re7 55. Rh3 Ra7 56. R1h2 Re7 57. Rf3 Ra7 58. Rh1 Re7 59. Rf2 Ra7
60. Qe3 Re7 61. Qh3 Ra7 62. Rg1 Bc6 63. Kf3 Qd4 64. Kg2 Qf6 65. Rh1 Re7 66. Qg3
Ra7 67. Qe3 Be8 68. Qd2 Re7 69. Rh3 Ra7 70. Kf3 Re7 71. Rfh2 Ra7 72. Qe3 Re7
73. Qd2 Ra7 74. Rh1 Qd4 75. Bxg5 Bc6 76. Be3 Qe5 77. g5 Qxf5+ 78. Ke2 Qg4+ 79.
Ke1 a4 80. bxa4 Bxa4 81. Qe2 Qe6 82. Rh6 Qe5 83. Qh2 Qxh2 84. R1xh2 Rd8 85. g6
Rdd7 86. Kd2 Kg8 87. e5 dxe5 88. Bxc5 Rac7 89. gxh7+ Rxh7 90. Rxh7 Rxc5 91. Ra7
Be8 92. Rb7 e4 93. Rxb4 exd3 94. Kxd3 Bg6+ 95. Kd4 Rg5 96. Rb6 Rg4+ 97. Kc3 Bf7
98. b3 Rg3+ 99. Kb4 Kg7 100. Rf2 Bg8 101. Rc6 Kh7 102. Ka4 Rg4 103. Rd2 Bf7
104. Rd7 Kh8 105. Rc8+ Bg8 106. Rdd8 Re4 107. Rxg8+ Kh7 108. Rge8 Rf4 109. Re6
Rf7 110. b4 Ra7+ 111. Kb3 Kg7 112. b5 Kf7 113. Rec6 Ra1 114. R8c7+ Ke8 115. Ra6
Rb1+ 116. Kc2 Rh1 117. Ra8# 1-0

[Event "NB2 Toth Laszlo csoport"]
[Site "Kecskemet"]
[Date "2024.11.17"]
[Round "2.9"]
[White "Fabian, Istvan"]
[Black "Gomori, Mihaly"]
[Result "1-0"]
[WhiteElo "1806"]
[BlackElo "1878"]
[PlyCount "83"]
[EventDate "2024.11.03"]
[EventType "team-tourn"]
[EventRounds "9"]
[EventCountry "HUN"]
[Source "chess.hu"]
[SourceDate "2024.11.17"]
[WhiteTeam "Meritum Egyesulet"]
[BlackTeam "TAKISZ SE"]
[WhiteTeamCountry "HUN"]
[BlackTeamCountry "HUN"]

1. Nf3 g6 2. c4 Bg7 3. Nc3 Nf6 4. d4 d6 5. g3 O-O 6. Bg2 Nbd7 7. e4 c6 8. O-O
a6 9. a4 Rb8 10. Qe2 Qc7 11. h3 c5 12. d5 Ne8 13. Ra3 Ne5 14. Nh2 f5 15. f4 Nf7
16. exf5 Bxf5 17. g4 Bd7 18. Qxe7 b5 19. axb5 axb5 20. Nd1 bxc4 21. f5 gxf5 22.
gxf5 Nf6 23. Rg3 Kh8 24. Bh6 Nh5 25. Bxg7+ Nxg7 26. Qf6 Rg8 27. Qxf7 Rbf8 28.
Qe7 Qd8 29. Qxd8 Rxd8 30. f6 Nh5 31. Rxg8+ Kxg8 32. f7+ Kf8 33. Ng4 Kg7 34.
f8=Q+ Rxf8 35. Rxf8 Kxf8 36. Nde3 Nf4 37. Nxc4 h5 38. Nf2 Ne2+ 39. Kh2 Ke7 40.
Bf3 Nd4 41. Bxh5 Bb5 42. Ne3 1-0

[Event "NB2 Toth Laszlo csoport"]
[Site "Kecskemet"]
[Date "2024.11.17"]
[Round "2.10"]
[White "Horvath, Sandor"]
[Black "Vad, Roland Tibor"]
[Result "1/2-1/2"]
[WhiteElo "1791"]
[BlackElo "1774"]
[PlyCount "46"]
[EventDate "2024.11.03"]
[EventType "team-tourn"]
[EventRounds "9"]
[EventCountry "HUN"]
[Source "chess.hu"]
[SourceDate "2024.11.17"]
[WhiteTeam "TAKISZ SE"]
[BlackTeam "Meritum Egyesulet"]
[WhiteTeamCountry "HUN"]
[BlackTeamCountry "HUN"]

1. d4 Nf6 2. Nf3 c5 3. c3 cxd4 4. cxd4 d5 5. h3 g6 6. Bf4 Bg7 7. Nbd2 Nc6 8. e3
O-O 9. Ne5 Nd7 10. Nxc6 bxc6 11. Nf3 Re8 12. Be2 e5 13. dxe5 Nxe5 14. Nxe5 Bxe5
15. Bxe5 Rxe5 16. Qd4 Re4 17. Qc3 Qb6 18. O-O d4 19. Qc2 Re7 20. Bf3 dxe3 21.
Qxc6 exf2+ 22. Rxf2 Qxc6 23. Bxc6 Rb8 1/2-1/2

[Event "NB2 Toth Laszlo csoport"]
[Site "Kecskemet"]
[Date "2024.11.17"]
[Round "2.11"]
[White "Havasi, Huba Laszlo"]
[Black "Galfi, Levente"]
[Result "1-0"]
[WhiteElo "1765"]
[BlackElo "1662"]
[PlyCount "61"]
[EventDate "2024.11.03"]
[EventType "team-tourn"]
[EventRounds "9"]
[EventCountry "HUN"]
[Source "chess.hu"]
[SourceDate "2024.11.17"]
[WhiteTeam "Meritum Egyesulet"]
[BlackTeam "TAKISZ SE"]
[WhiteTeamCountry "HUN"]
[BlackTeamCountry "HUN"]

1. e4 c5 2. Nc3 Nc6 3. g3 g6 4. Bg2 Bg7 5. d3 d6 6. Nge2 e5 7. O-O Nge7 8. f4
O-O 9. Be3 Nd4 10. h3 Rb8 11. g4 exf4 12. Nxf4 Nec6 13. Nfd5 Ne6 14. Qd2 g5 15.
Rf2 Be5 16. Raf1 f6 17. Ne2 h6 18. c3 Qa5 19. Nxf6+ Kg7 20. Nh5+ Kg8 21. Rxf8+
Nxf8 22. Bxg5 Be6 23. Bxh6 Nh7 24. Nef4 Bf7 25. Nd5 Bxh5 26. gxh5 Re8 27. Qf2
Qd8 28. Qf7+ Kh8 29. Nf6 Bxf6 30. Rxf6 Rg8 31. Rg6 1-0

[Event "NB2 Toth Laszlo csoport"]
[Site "Kecskemet"]
[Date "2024.11.17"]
[Round "2.12"]
[White "Eros, Viktor"]
[Black "Miksi, Benjamin"]
[Result "0-1"]
[WhiteElo "1406"]
[BlackElo "1652"]
[PlyCount "44"]
[EventDate "2024.11.03"]
[EventType "team-tourn"]
[EventRounds "9"]
[EventCountry "HUN"]
[Source "chess.hu"]
[SourceDate "2024.11.17"]
[WhiteTeam "TAKISZ SE"]
[BlackTeam "Meritum Egyesulet"]
[WhiteTeamCountry "HUN"]
[BlackTeamCountry "HUN"]

1. e4 e6 2. d4 d5 3. Nc3 dxe4 4. Nxe4 Bd7 5. Bg5 Be7 6. Bxe7 Qxe7 7. Nf3 Bc6 8.
Nfd2 Nd7 9. Bd3 Ngf6 10. f3 O-O 11. c3 Nxe4 12. fxe4 Qh4+ 13. g3 Qh6 14. Qf3 f5
15. Qf4 Qxf4 16. gxf4 fxe4 17. Nxe4 Rxf4 18. Ng5 Bxh1 19. Nxe6 Re8 20. d5 Bxd5
21. O-O-O Rxe6 22. Bb5 Nb6 0-1

[Event "NB2 Toth Laszlo csoport"]
[Site "Bekes"]
[Date "2024.11.17"]
[Round "2.1"]
[White "Elter, Janos"]
[Black "Samu, Gabor Jr"]
[Result "0-1"]
[WhiteElo "2156"]
[BlackElo "2310"]
[PlyCount "66"]
[EventDate "2024.11.03"]
[EventType "team-tourn"]
[EventRounds "9"]
[EventCountry "HUN"]
[Source "chess.hu"]
[SourceDate "2024.11.17"]
[WhiteTeam "Bekesszentandras-KuTE"]
[BlackTeam "Bekesi TE"]
[WhiteTeamCountry "HUN"]
[BlackTeamCountry "HUN"]

1. e4 g6 2. Nf3 Nf6 3. d3 d6 4. Be2 Bg7 5. c3 O-O 6. O-O e5 7. Bg5 h6 8. Bxf6
Qxf6 9. Na3 c6 10. Nc4 Qe7 11. Ne3 Nd7 12. h3 Nc5 13. Kh2 Bd7 14. Ng1 f5 15. b4
Ne6 16. g3 Kh8 17. a4 f4 18. Ng2 Rf7 19. Nh4 Nf8 20. Bg4 Be8 21. Ng2 h5 22. Bf3
Ne6 23. h4 Bf6 24. Nh3 Bd7 25. g4 Bxh4 26. gxh5 gxh5 27. Bxh5 Rh7 28. Bg6 Rh6
29. Bf5 Rg8 30. Rh1 Bxf2 31. Qf3 Ng5 32. Qxf2 Bxf5 33. exf5 Nxh3 0-1

[Event "NB2 Toth Laszlo csoport"]
[Site "Bekes"]
[Date "2024.11.17"]
[Round "2.2"]
[White "Varga, Tamas"]
[Black "Parragi, Istvan"]
[Result "0-1"]
[WhiteElo "2145"]
[BlackElo "1941"]
[PlyCount "58"]
[EventDate "2024.11.03"]
[EventType "team-tourn"]
[EventRounds "9"]
[EventCountry "HUN"]
[Source "chess.hu"]
[SourceDate "2024.11.17"]
[WhiteTeam "Bekesi TE"]
[BlackTeam "Bekesszentandras-KuTE"]
[WhiteTeamCountry "HUN"]
[BlackTeamCountry "HUN"]

1. d4 Nf6 2. Nc3 d5 3. Bf4 a6 4. e3 b5 5. Nf3 Bb7 6. Bd3 e6 7. O-O Nbd7 8. Ne2
c5 9. c3 Be7 10. Ne5 Nxe5 11. Bxe5 Ng4 12. Bxg7 Rg8 13. Be5 Nxe5 14. dxe5 d4
15. Ng3 dxe3 16. fxe3 Rg5 17. Qe2 Rxe5 18. Rad1 Qb6 19. c4 b4 20. Bxh7 Qc6 21.
e4 Rg5 22. Qf3 f5 23. Bxf5 exf5 24. Nxf5 Qg6 25. Qf4 Rxg2+ 26. Kh1 Rg4 27. Nd6+
Bxd6 28. Qf3 Bxe4 29. Rfe1 O-O-O 0-1

[Event "NB2 Toth Laszlo csoport"]
[Site "Bekes"]
[Date "2024.11.17"]
[Round "2.4"]
[White "Szasz, Janos"]
[Black "Brhlik, Gyorgy"]
[Result "1-0"]
[WhiteElo "2057"]
[BlackElo "1928"]
[PlyCount "75"]
[EventDate "2024.11.03"]
[EventType "team-tourn"]
[EventRounds "9"]
[EventCountry "HUN"]
[Source "chess.hu"]
[SourceDate "2024.11.17"]
[WhiteTeam "Bekesi TE"]
[BlackTeam "Bekesszentandras-KuTE"]
[WhiteTeamCountry "HUN"]
[BlackTeamCountry "HUN"]

1. d4 Nf6 2. c4 e6 3. Nf3 b6 4. Nc3 Bb7 5. g3 Be7 6. Bg2 O-O 7. O-O d6 8. Qc2
Nbd7 9. Rd1 Qb8 10. e4 c5 11. d5 e5 12. Nh4 Re8 13. Bf3 Nf8 14. Nf5 Bc8 15.
Nxe7+ Rxe7 16. Bg5 N8d7 17. a4 a6 18. Qe2 h6 19. Be3 Nf8 20. h4 Bd7 21. Ra3 Qc8
22. Bg2 Ng4 23. Bc1 Nf6 24. Rf1 Bh3 25. Nd1 Qg4 26. Qxg4 Bxg4 27. Ne3 Bd7 28.
f3 Ree8 29. Kh2 b5 30. Bh3 b4 31. Ra2 g6 32. Ng4 Bxg4 33. Bxg4 h5 34. Bh3 Kg7
35. b3 Ra7 36. Rg2 Rae7 37. Kg1 N8h7 38. Kh2 1-0

[Event "NB2 Toth Laszlo csoport"]
[Site "Bekes"]
[Date "2024.11.17"]
[Round "2.5"]
[White "Kovacs, Tibor T"]
[Black "Visnyei, Illes"]
[Result "0-1"]
[WhiteElo "1801"]
[BlackElo "2000"]
[PlyCount "112"]
[EventDate "2024.11.03"]
[EventType "team-tourn"]
[EventRounds "9"]
[EventCountry "HUN"]
[Source "chess.hu"]
[SourceDate "2024.11.17"]
[WhiteTeam "Bekesszentandras-KuTE"]
[BlackTeam "Bekesi TE"]
[WhiteTeamCountry "HUN"]
[BlackTeamCountry "HUN"]

1. d4 d5 2. c4 e6 3. cxd5 exd5 4. Nc3 Nf6 5. Bg5 Be7 6. e3 c6 7. Bd3 h6 8. Bh4
O-O 9. Nf3 Re8 10. O-O Nbd7 11. Qc2 Nf8 12. Bxf6 Bxf6 13. b4 Bg4 14. a4 Rc8 15.
Bf5 Bxf5 16. Qxf5 Qd6 17. Rfb1 g6 18. Qd3 Bg7 19. a5 a6 20. Na4 Rc7 21. Nc5
Rce7 22. h4 Nh7 23. g3 Qc7 24. Kg2 Qc8 25. Rh1 Nf6 26. Rae1 Ne4 27. Nd2 Nd6 28.
Rc1 Qb8 29. Rce1 Nf5 30. e4 Nxd4 31. f4 dxe4 32. Rxe4 Rxe4 33. Ndxe4 f5 34. Nd7
Qd8 35. Qc4+ Kh8 36. Nd6 Qxd7 37. Nf7+ Kh7 38. Ng5+ hxg5 39. hxg5+ Bh6 40.
Rxh6+ Kg7 41. g4 Qd5+ 42. Qxd5 cxd5 43. gxf5 Nxf5 44. Rh3 d4 45. Kf2 Re4 46. b5
Re3 47. Rh1 Ra3 48. Rc1 Rc3 49. Rb1 axb5 50. Rxb5 Rc7 51. Ke2 Rd7 52. Rb6 d3+
53. Kd2 Ng3 54. a6 bxa6 55. Rxa6 Ne4+ 56. Kd1 d2 0-1

[Event "NB2 Toth Laszlo csoport"]
[Site "Bekes"]
[Date "2024.11.17"]
[Round "2.6"]
[White "Nagy, Sandor"]
[Black "Bogar, Attila"]
[Result "1/2-1/2"]
[WhiteElo "2060"]
[BlackElo "1855"]
[PlyCount "29"]
[EventDate "2024.11.03"]
[EventType "team-tourn"]
[EventRounds "9"]
[EventCountry "HUN"]
[Source "chess.hu"]
[SourceDate "2024.11.17"]
[WhiteTeam "Bekesi TE"]
[BlackTeam "Bekesszentandras-KuTE"]
[WhiteTeamCountry "HUN"]
[BlackTeamCountry "HUN"]

1. d4 d5 2. c4 c6 3. Nf3 Nf6 4. Nc3 dxc4 5. a4 Bf5 6. Nh4 Bg6 7. Nxg6 hxg6 8.
e3 e6 9. Bxc4 Nbd7 10. Bd2 Be7 11. h3 Nb6 12. Qb3 Nxc4 13. Qxc4 Nd5 14. Nxd5
Qxd5 15. Qxd5 1/2-1/2

[Event "NB2 Toth Laszlo csoport"]
[Site "Bekes"]
[Date "2024.11.17"]
[Round "2.7"]
[White "Aczel-Szabo, Csongor"]
[Black "Somogyi, Gabor"]
[Result "1/2-1/2"]
[WhiteElo "1677"]
[BlackElo "1903"]
[PlyCount "63"]
[EventDate "2024.11.03"]
[EventType "team-tourn"]
[EventRounds "9"]
[EventCountry "HUN"]
[Source "chess.hu"]
[SourceDate "2024.11.17"]
[WhiteTeam "Bekesszentandras-KuTE"]
[BlackTeam "Bekesi TE"]
[WhiteTeamCountry "HUN"]
[BlackTeamCountry "HUN"]

1. d4 Nf6 2. Nf3 c5 3. e3 cxd4 4. exd4 d5 5. Bg5 e6 6. c4 Be7 7. c5 Nc6 8. Nc3
O-O 9. Bd3 Bd7 10. a3 a5 11. Na4 Ne4 12. Be3 f5 13. Nb6 Ra7 14. Ne5 Nxe5 15.
dxe5 Bxc5 16. Nxd7 Qxd7 17. Bxe4 Bxe3 18. Bxd5 Bxf2+ 19. Kxf2 exd5 20. Qd4 Ra6
21. Rhd1 Rd8 22. Rac1 Rc6 23. Rc5 Rxc5 24. Qxc5 a4 25. Re1 Qc6 26. Qe7 Re8 27.
Qd6 Qc4 28. e6 Qd4+ 29. Kf1 Qd3+ 30. Kf2 Qd4+ 31. Kf1 Qd3+ 32. Kf2 1/2-1/2

[Event "NB2 Toth Laszlo csoport"]
[Site "Bekes"]
[Date "2024.11.17"]
[Round "2.8"]
[White "Takacs, Lajos"]
[Black "Szilagyi, Peter"]
[Result "0-1"]
[WhiteElo "1984"]
[BlackElo "1689"]
[PlyCount "68"]
[EventDate "2024.11.03"]
[EventType "team-tourn"]
[EventRounds "9"]
[EventCountry "HUN"]
[Source "chess.hu"]
[SourceDate "2024.11.17"]
[WhiteTeam "Bekesi TE"]
[BlackTeam "Bekesszentandras-KuTE"]
[WhiteTeamCountry "HUN"]
[BlackTeamCountry "HUN"]

1. e4 c5 2. c4 Nc6 3. Ne2 e6 4. Nbc3 Nf6 5. d4 cxd4 6. Nxd4 Bb4 7. Nc2 Bxc3+ 8.
bxc3 Qa5 9. Qd3 Qe5 10. f3 d5 11. cxd5 Nxd5 12. Be3 O-O 13. Be2 Nf4 14. Bxf4
Qxf4 15. g3 Qf6 16. f4 Rd8 17. Qe3 e5 18. f5 g6 19. O-O gxf5 20. exf5 Ne7 21.
g4 h6 22. Kh1 Bd7 23. Bf3 Bc6 24. Nb4 Nd5 25. Qc5 Nxb4 26. cxb4 e4 27. Bg2 Rd2
28. Rad1 Rxg2 29. Kxg2 e3+ 30. Rf3 Qb2+ 31. Kg3 Bxf3 32. Kxf3 Qf2+ 33. Ke4 Re8+
34. Kd5 Qf3+ 0-1

[Event "NB2 Toth Laszlo csoport"]
[Site "Bekes"]
[Date "2024.11.17"]
[Round "2.9"]
[White "Tari, Janos"]
[Black "Nagy, Robert"]
[Result "0-1"]
[WhiteElo "1708"]
[BlackElo "1972"]
[PlyCount "64"]
[EventDate "2024.11.03"]
[EventType "team-tourn"]
[EventRounds "9"]
[EventCountry "HUN"]
[Source "chess.hu"]
[SourceDate "2024.11.17"]
[WhiteTeam "Bekesszentandras-KuTE"]
[BlackTeam "Bekesi TE"]
[WhiteTeamCountry "HUN"]
[BlackTeamCountry "HUN"]

1. d4 d5 2. Nf3 c6 3. g3 Nf6 4. Bg2 Bf5 5. Nc3 e6 6. O-O Ne4 7. Nxe4 Bxe4 8.
Ng5 Bxg2 9. Kxg2 h6 10. Nf3 Bd6 11. Ne5 Nd7 12. f4 Qe7 13. Qd3 Nf6 14. c4 Ne4
15. f5 Bxe5 16. dxe5 O-O-O 17. cxd5 cxd5 18. f6 gxf6 19. exf6 Qd6 20. Rf3 Kb8
21. Be3 Rc8 22. Qd4 Qa6 23. Kh3 Ng5+ 24. Bxg5 hxg5+ 25. Kg2 Qxe2+ 26. Rf2 Qh5
27. Qe5+ Ka8 28. Kg1 Rc6 29. Re1 Rhc8 30. h4 Rh8 31. Rf5 exf5 32. Qe8+ Rc8 0-1

[Event "NB2 Toth Laszlo csoport"]
[Site "Bekes"]
[Date "2024.11.17"]
[Round "2.10"]
[White "Gosztolya, Ferenc Dr"]
[Black "Fulajtar, Istvan"]
[Result "1-0"]
[WhiteElo "1949"]
[BlackElo "1678"]
[PlyCount "67"]
[EventDate "2024.11.03"]
[EventType "team-tourn"]
[EventRounds "9"]
[EventCountry "HUN"]
[Source "chess.hu"]
[SourceDate "2024.11.17"]
[WhiteTeam "Bekesi TE"]
[BlackTeam "Bekesszentandras-KuTE"]
[WhiteTeamCountry "HUN"]
[BlackTeamCountry "HUN"]

1. c4 c5 2. Nc3 Nc6 3. g3 g6 4. Bg2 Bg7 5. Nf3 Nf6 6. O-O O-O 7. d4 cxd4 8.
Nxd4 a6 9. Nc2 Ne5 10. b3 Qc7 11. Bb2 d6 12. Rc1 Bd7 13. Qd2 Rac8 14. h3 Bc6
15. e4 Ne8 16. Ne3 e6 17. f4 Nd7 18. b4 b6 19. Ncd5 Qd8 20. Bxg7 Kxg7 21. Qb2+
Kg8 22. Nc3 Bb7 23. Rfd1 f5 24. exf5 Bxg2 25. fxe6 Bxh3 26. exd7 Bxd7 27. Ne4
Qe7 28. Qd4 Bf5 29. Nd5 Qxe4 30. Qxe4 Bxe4 31. Ne7+ Kg7 32. Nxc8 g5 33. Rd4 Bb7
34. Nxb6 1-0

[Event "NB2 Toth Laszlo csoport"]
[Site "Bekes"]
[Date "2024.11.17"]
[Round "2.11"]
[White "Cseleszki, Gabor"]
[Black "Kovacs, Gergo Patrik"]
[Result "0-1"]
[WhiteElo "1749"]
[BlackElo "1738"]
[PlyCount "60"]
[EventDate "2024.11.03"]
[EventType "team-tourn"]
[EventRounds "9"]
[EventCountry "HUN"]
[Source "chess.hu"]
[SourceDate "2024.11.17"]
[WhiteTeam "Bekesszentandras-KuTE"]
[BlackTeam "Bekesi TE"]
[WhiteTeamCountry "HUN"]
[BlackTeamCountry "HUN"]

1. e4 c5 2. Nf3 Nc6 3. d4 cxd4 4. Nxd4 e5 5. Nb5 d6 6. N1c3 a6 7. Na3 b5 8. Nd5
Be6 9. Be3 Rb8 10. c3 Be7 11. Be2 Nf6 12. Bf3 O-O 13. Qd2 a5 14. Rd1 b4 15.
cxb4 Bxd5 16. b5 Nb4 17. exd5 e4 18. Be2 Nfxd5 19. Bc4 Nxe3 20. Qxe3 d5 21. O-O
Bf6 22. Rd2 Re8 23. Re1 Bg5 24. f4 exf3 25. Qxe8+ Qxe8 26. Rxe8+ Rxe8 27. Rxd5
Nxd5 28. Bxd5 Be3+ 29. Kf1 f2 30. Nc4 Bc5 0-1

[Event "NB2 Toth Laszlo csoport"]
[Site "Bekes"]
[Date "2024.11.17"]
[Round "2.12"]
[White "Szabo, Mate"]
[Black "Goblyos, Emma"]
[Result "1/2-1/2"]
[WhiteElo "1435"]
[BlackElo "1481"]
[PlyCount "32"]
[EventDate "2024.11.03"]
[EventType "team-tourn"]
[EventRounds "9"]
[EventCountry "HUN"]
[Source "chess.hu"]
[SourceDate "2024.11.17"]
[WhiteTeam "Bekesi TE"]
[BlackTeam "Bekesszentandras-KuTE"]
[WhiteTeamCountry "HUN"]
[BlackTeamCountry "HUN"]

1. e4 d6 2. Nf3 Nf6 3. Nc3 g6 4. Bc4 Bg7 5. d3 O-O 6. O-O c6 7. Re1 d5 8. exd5
cxd5 9. Bb3 Bg4 10. h3 Bxf3 11. Qxf3 e6 12. Bg5 Nbd7 13. d4 a6 14. Ne2 b5 15.
c3 Qb6 16. Ng3 Kh8 1/2-1/2

[Event "NB2 Toth Laszlo csoport"]
[Site "Oroshaza"]
[Date "2024.11.17"]
[Round "2.1"]
[White "Csvila, Gabor"]
[Black "Gyori, Szabolcs"]
[Result "0-1"]
[WhiteElo "2147"]
[BlackElo "2093"]
[PlyCount "66"]
[EventDate "2024.11.03"]
[EventType "team-tourn"]
[EventRounds "9"]
[EventCountry "HUN"]
[Source "chess.hu"]
[SourceDate "2024.11.17"]
[WhiteTeam "Neumann J. Egyetem"]
[BlackTeam "Oroshazi SE"]
[WhiteTeamCountry "HUN"]
[BlackTeamCountry "HUN"]

1. d4 Nf6 2. c4 d6 3. Nc3 e5 4. d5 Be7 5. e3 O-O 6. Bd3 c6 7. Nge2 a6 8. O-O b5
9. dxc6 bxc4 10. Bxc4 Nxc6 11. Nd5 Bb7 12. Nec3 Rc8 13. Qe2 a5 14. Rd1 Nb4 15.
Nxf6+ Bxf6 16. a3 Nc6 17. Nd5 e4 18. Nxf6+ Qxf6 19. Bd5 Rfe8 20. Rb1 Qf5 21.
Qb5 Qg4 22. f3 exf3 23. Bxf3 Qd7 24. b4 axb4 25. Rxb4 Ba8 26. Bb2 Qa7 27. Qb6
Qe7 28. Re4 Ne5 29. Bxe5 Bxe4 30. Bxd6 Qe6 31. Bxe4 Qxe4 32. Bc5 Qc2 33. Rd5
Rb8 0-1

[Event "NB2 Toth Laszlo csoport"]
[Site "Oroshaza"]
[Date "2024.11.17"]
[Round "2.2"]
[White "Kunos, Zoltan"]
[Black "Abel, Lajos"]
[Result "1-0"]
[WhiteElo "2029"]
[BlackElo "2187"]
[PlyCount "61"]
[EventDate "2024.11.03"]
[EventType "team-tourn"]
[EventRounds "9"]
[EventCountry "HUN"]
[Source "chess.hu"]
[SourceDate "2024.11.17"]
[WhiteTeam "Oroshazi SE"]
[BlackTeam "Neumann J. Egyetem"]
[WhiteTeamCountry "HUN"]
[BlackTeamCountry "HUN"]

1. d4 Nf6 2. Nf3 c5 3. d5 b5 4. e3 Qb6 5. a4 b4 6. Nbd2 Bb7 7. e4 e6 8. Nc4 Qd8
9. Bg5 h6 10. Bxf6 Qxf6 11. e5 Qd8 12. d6 g5 13. Bd3 Bg7 14. Qe2 f5 15. exf6
Qxf6 16. Nfe5 Rf8 17. O-O Nc6 18. Qh5+ Kd8 19. Rae1 Nxe5 20. Nxe5 c4 21. Nxc4
Qd4 22. Qe2 Rc8 23. c3 bxc3 24. bxc3 Qxc3 25. Rc1 Qd4 26. Na5 Bd5 27. Rxc8+
Kxc8 28. Qc2+ Kb8 29. Ba6 Be4 30. Qc7+ Ka8 31. Bb7+ 1-0

[Event "NB2 Toth Laszlo csoport"]
[Site "Oroshaza"]
[Date "2024.11.17"]
[Round "2.3"]
[White "Szekeres, Janos"]
[Black "Monus, Zoltan"]
[Result "1-0"]
[WhiteElo "2008"]
[BlackElo "1933"]
[PlyCount "95"]
[EventDate "2024.11.03"]
[EventType "team-tourn"]
[EventRounds "9"]
[EventCountry "HUN"]
[Source "chess.hu"]
[SourceDate "2024.11.17"]
[WhiteTeam "Neumann J. Egyetem"]
[BlackTeam "Oroshazi SE"]
[WhiteTeamCountry "HUN"]
[BlackTeamCountry "HUN"]

1. e4 Nf6 2. e5 Nd5 3. d4 d6 4. c4 Nb6 5. f4 dxe5 6. fxe5 Nc6 7. Be3 Bf5 8. Nc3
e6 9. Be2 Be7 10. Nf3 O-O 11. O-O f6 12. exf6 Bxf6 13. Qd2 Qe7 14. Rad1 Rad8
15. Qc1 h6 16. h3 Kh8 17. Kh1 Bh7 18. Bg1 e5 19. d5 Nd4 20. Nxd4 exd4 21. Bxd4
Bg5 22. Qa1 Bc2 23. Rxf8+ Rxf8 24. Rf1 Rd8 25. Bh5 Rf8 26. Re1 Qb4 27. b3 Bf6
28. Nb5 Nxd5 29. Bf3 Nf4 30. Bxf6 Rxf6 31. Nxc7 Rf8 32. Ne6 Nxe6 33. Rxe6 Kh7
34. Qe1 Qxe1+ 35. Rxe1 Rf7 36. c5 Kg6 37. Re6+ Kf5 38. Bg4+ Kg5 39. Kh2 Bf5 40.
Re5 Kf4 41. Re1 Bd3 42. g3+ Kg5 43. Kg2 Rc7 44. Re6 Rxc5 45. Kf3 Rf5+ 46. Bxf5
Kxf5 47. Re7 g6 48. g4+ 1-0

[Event "NB2 Toth Laszlo csoport"]
[Site "Oroshaza"]
[Date "2024.11.17"]
[Round "2.4"]
[White "Biro, Istvan"]
[Black "Lehocz, Jozsef"]
[Result "0-1"]
[WhiteElo "2005"]
[BlackElo "1982"]
[PlyCount "79"]
[EventDate "2024.11.03"]
[EventType "team-tourn"]
[EventRounds "9"]
[EventCountry "HUN"]
[Source "chess.hu"]
[SourceDate "2024.11.17"]
[WhiteTeam "Oroshazi SE"]
[BlackTeam "Neumann J. Egyetem"]
[WhiteTeamCountry "HUN"]
[BlackTeamCountry "HUN"]

1. d4 b6 2. c4 Bb7 3. Nc3 e6 4. Nf3 f5 5. g3 Nf6 6. Bg2 Be7 7. O-O O-O 8. d5
Qc8 9. Nd4 c5 10. Nf3 Na6 11. Re1 exd5 12. Nxd5 Nxd5 13. cxd5 d6 14. Ng5 Nc7
15. e4 h6 16. Nh3 fxe4 17. Nf4 Bf6 18. Bxe4 Re8 19. Qh5 Qd7 20. Qg6 Rxe4 21.
Rxe4 Nxd5 22. Nh5 Qf7 23. Nxf6+ Nxf6 24. Qxf7+ Kxf7 25. Re1 d5 26. Bf4 Rd8 27.
f3 d4 28. Kf2 Nd5 29. Bd2 c4 30. Rac1 b5 31. a3 Rc8 32. Re4 c3 33. bxc3 dxc3
34. Be3 a5 35. Rb1 b4 36. axb4 c2 37. Rc1 axb4 38. Bd4 b3 39. Bb2 Ra8 40. Ree1
0-1

[Event "NB2 Toth Laszlo csoport"]
[Site "Oroshaza"]
[Date "2024.11.17"]
[Round "2.5"]
[White "Andriska, Zsolt"]
[Black "Pasztorcsik, Janos"]
[Result "1-0"]
[WhiteElo "2032"]
[BlackElo "1877"]
[PlyCount "57"]
[EventDate "2024.11.03"]
[EventType "team-tourn"]
[EventRounds "9"]
[EventCountry "HUN"]
[Source "chess.hu"]
[SourceDate "2024.11.17"]
[WhiteTeam "Neumann J. Egyetem"]
[BlackTeam "Oroshazi SE"]
[WhiteTeamCountry "HUN"]
[BlackTeamCountry "HUN"]

1. e4 c5 2. c4 Nc6 3. Nc3 g6 4. g3 Bg7 5. Bg2 d6 6. Nge2 e6 7. O-O Nge7 8. d3
O-O 9. Be3 Nd4 10. Rc1 a6 11. f4 Rb8 12. b3 b5 13. Qe1 b4 14. Nd1 Qa5 15. Rf2
Qb6 16. Nxd4 cxd4 17. Bd2 Qc5 18. Bf3 Bd7 19. Rg2 a5 20. g4 Rbe8 21. Nf2 Kh8
22. Kh1 f5 23. Nh3 h6 24. Qh4 Kh7 25. Re1 Nc6 26. Reg1 Ne7 27. g5 Rh8 28. gxh6
Bxh6 29. Qf6 1-0